[Event "BL 9293 HSK-Bochum"]
[Site "?"]
[Date "1993.??.??"]
[Round "?.5"]
[White "Jackelen, T."]
[Black "Maus, So"]
[Result "1-0"]
[WhiteElo "2420"]
[BlackElo "2420"]
[PlyCount "117"]
[EventDate "1993.??.??"]

1. Nf3 g6 2. c4 Bg7 3. e4 e5 4. d4 exd4 5. Nxd4 Ne7 6. Nc3 Nbc6 7. Be3 O-O 8.
Be2 f5 9. Qd2 fxe4 10. O-O-O Ne5 11. Ne6 Nd3+ 12. Bxd3 dxe6 13. Bxe4 Qxd2+ 14.
Rxd2 Nf5 15. Bxf5 exf5 16. Nd5 Rf7 17. Bf4 Bd7 18. Nxc7 Rc8 19. Rhd1 Bc6 20.
Rd8+ Rf8 21. Rxf8+ Bxf8 22. f3 Kf7 23. Kb1 g5 24. Be5 h5 25. Nd5 h4 26. b3 Re8
27. f4 gxf4 28. Bxf4 Re2 29. Rd2 Rxd2 30. Bxd2 Bd6 31. h3 Ke6 32. Be1 Be7 33.
Nxe7 Kxe7 34. Bxh4+ Ke6 35. g4 f4 36. Bf2 Ke5 37. Kc1 a6 38. Kd2 Bg2 39. h4 Bf3
40. g5 Bh5 41. Kd3 Bg6+ 42. Ke2 Ke4 43. Bb6 Kf5 44. a3 Kg4 45. Bf2 Be4 46. b4
Kf5 47. Kd2 Kg4 48. a4 Kf3 49. Ke1 Kg4 50. b5 Bd3 51. bxa6 bxa6 52. c5 Be4 53.
a5 Kf5 54. Kd2 Bc6 55. Kd3 Be8 56. Kd4 Bc6 57. Bg1 Bb7 58. Bh2 Ba8 59. Bxf4 1-0

[Event "BL 9293 HSK-Bochum"]
[Site "?"]
[Date "1993.??.??"]
[Round "?.7"]
[White "Luecke, N."]
[Black "Wegner, H."]
[Result "1/2-1/2"]
[WhiteElo "2410"]
[BlackElo "2370"]
[PlyCount "140"]
[EventDate "1993.??.??"]

1. e4 d5 2. exd5 Qxd5 3. Nc3 Qa5 4. Nf3 Nf6 5. Bc4 Bf5 6. O-O c6 7. Re1 e6 8.
d3 Nbd7 9. Bf4 Bb4 10. Nd4 Bg4 11. f3 Bh5 12. a3 Bxc3 13. bxc3 O-O 14. Bd2 c5
15. Ne2 Nb6 16. Ba2 c4 17. Kh1 Rac8 18. Nf4 Bg6 19. Qe2 Rfd8 20. Nxg6 hxg6 21.
dxc4 Qxa3 22. Bb3 Qd6 23. Be3 Qc6 24. Rxa7 Nxc4 25. Bd4 Nd6 26. Ra5 Nf5 27. Rc5
Nxd4 28. cxd4 Qd6 29. Rxc8 Rxc8 30. Rd1 Nd5 31. Qd3 Nc3 32. Re1 b5 33. h3 b4
34. Ra1 Rd8 35. Qc4 g5 36. Ra7 Qxd4 37. Qxd4 Rxd4 38. Kh2 g6 39. Ba4 Nxa4 40.
Rxa4 Rc4 41. Kg3 Rxc2 42. Rxb4 Kg7 43. Rb5 f5 44. Rb7+ Kf6 45. Rb8 f4+ 46. Kh2
Rc1 47. Rf8+ Kg7 48. Re8 Re1 49. Rb8 e5 50. Ra8 e4 51. fxe4 Rxe4 52. Kg1 g4 53.
hxg4 Kh6 54. Ra5 Re3 55. Kf2 Rg3 56. Rb5 g5 57. Rb6+ Kg7 58. Ra6 Rxg4 59. Ra3
Kg6 60. g3 fxg3+ 61. Rxg3 Rxg3 62. Kxg3 Kf5 63. Kf3 g4+ 64. Kg3 Kg5 65. Kg2 Kf4
66. Kf2 g3+ 67. Kg2 Kg4 68. Kg1 Kf3 69. Kf1 g2+ 70. Kg1 Kg3 1/2-1/2

[Event "BL 9293 HSK-Bochum"]
[Site "?"]
[Date "1993.??.??"]
[Round "?.8"]
[White "Sievers, S."]
[Black "Fette, M."]
[Result "1/2-1/2"]
[WhiteElo "2340"]
[BlackElo "2385"]
[PlyCount "28"]
[EventDate "1993.??.??"]

1. e4 c6 2. d4 d5 3. exd5 cxd5 4. c4 Nf6 5. Nc3 e6 6. Nf3 Bb4 7. Bd3 dxc4 8.
Bxc4 O-O 9. O-O b6 10. Bg5 Bb7 11. Qe2 Nbd7 12. Ne5 Bxc3 13. bxc3 Qc7 14. Nxd7
Nxd7 1/2-1/2

[Event "BL 9293 Delmenhorst-Bielefeld"]
[Site "?"]
[Date "1993.??.??"]
[Round "?.1"]
[White "Richter, W."]
[Black "Hausner, I."]
[Result "1/2-1/2"]
[WhiteElo "2430"]
[BlackElo "2480"]
[PlyCount "91"]
[EventDate "1993.??.??"]

1. d4 Nf6 2. Nf3 d6 3. Nbd2 Bf5 4. b3 g6 5. Bb2 Bg7 6. Nh4 Bc8 7. g3 O-O 8. Bg2
Re8 9. Nhf3 Nbd7 10. O-O e5 11. dxe5 dxe5 12. e4 Ng4 13. Qe2 Nh6 14. Rfd1 f6
15. Nc4 Nf7 16. Bh3 c6 17. Ba3 b5 18. Nd6 Nxd6 19. Bxd6 Qb6 20. c4 Nf8 21. Bxc8
Raxc8 22. Bxf8 Bxf8 23. Rd7 a6 24. Rad1 Rcd8 25. Kg2 Rxd7 26. Rxd7 Rd8 27. Qd3
Be7 28. cxb5 cxb5 29. Rxd8+ Qxd8 30. Qxd8+ Bxd8 31. Kf1 Kf7 32. Ke2 Ke6 33. Ne1
Kd6 34. Nd3 Ba5 35. Kd1 Bb6 36. Ke2 a5 37. a3 Bd4 38. f4 exf4 39. gxf4 g5 40.
Kf3 h5 41. a4 Kc6 42. axb5+ Kxb5 43. e5 g4+ 44. Ke4 fxe5 45. fxe5 Bg1 46. e6
1/2-1/2

[Event "BL 9293 Delmenhorst-Bielefeld"]
[Site "?"]
[Date "1993.??.??"]
[Round "?.2"]
[White "Pekarek, A."]
[Black "Piskov, Y."]
[Result "1/2-1/2"]
[WhiteElo "2440"]
[BlackElo "2520"]
[PlyCount "39"]
[EventDate "1993.??.??"]

1. d4 d5 2. Nf3 Nf6 3. c4 e6 4. Nc3 Bb4 5. e3 O-O 6. Bd3 b6 7. O-O Bb7 8. a3
Bd6 9. b4 dxc4 10. Bxc4 a5 11. bxa5 Rxa5 12. Qe2 Ne4 13. Nxe4 Bxe4 14. Bd3 Bxd3
15. Qxd3 Nd7 16. Rd1 Qe7 17. Bb2 Rfa8 18. Qc2 b5 19. Rab1 R8a6 20. e4 1/2-1/2

[Event "BL 9293 Delmenhorst-Bielefeld"]
[Site "?"]
[Date "1993.??.??"]
[Round "?.3"]
[White "Bangiev, A."]
[Black "Hermann, Man"]
[Result "1/2-1/2"]
[WhiteElo "2395"]
[BlackElo "2400"]
[PlyCount "98"]
[EventDate "1993.??.??"]

1. d4 d5 2. c4 Nc6 3. Nc3 Nf6 4. Bg5 Ne4 5. Nxe4 dxe4 6. d5 e6 7. Bxd8 Bb4+ 8.
Qd2 Bxd2+ 9. Kxd2 Nxd8 10. e3 c6 11. dxc6 Nxc6 12. Ne2 Ke7 13. Nc3 Rd8+ 14. Kc1
f5 15. Be2 b6 16. Rd1 Rxd1+ 17. Kxd1 Bb7 18. Ke1 g5 19. Rd1 Ne5 20. Rd4 Nc6 21.
Rd2 Ne5 22. Kd1 h5 23. Kc2 Ng4 24. Bxg4 hxg4 25. Nb5 Bc6 26. Nd4 Bd7 27. b4 Rc8
28. Kb3 e5 29. Nc2 Be6 30. Na3 Rh8 31. Nb5 Rxh2 32. g3 f4 33. Kc3 Rh3 34. c5
fxe3 35. fxe3 bxc5 36. bxc5 Rxg3 37. c6 Rg1 38. Rc2 a6 39. Nc7 Bc8 40. Nd5+ Kd6
41. Nb6 Kc7 42. Nxc8 Kxc8 43. Kc4 g3 44. Kd5 Rf1 45. Rg2 Rf3 46. Kxe4 g4 47.
Kxe5 Rxe3+ 48. Kf4 Ra3 49. Kxg4 Kc7 1/2-1/2

[Event "BL 9293 Delmenhorst-Bielefeld"]
[Site "?"]
[Date "1993.??.??"]
[Round "?.4"]
[White "Borik, O."]
[Black "Panzer, P."]
[Result "1-0"]
[WhiteElo "2390"]
[BlackElo "2330"]
[PlyCount "77"]
[EventDate "1993.??.??"]

1. d4 d5 2. Nf3 Nc6 3. g3 Bg4 4. Bg2 Qd7 5. h3 Bxf3 6. exf3 e6 7. O-O Bd6 8. f4
Nge7 9. c3 O-O 10. Nd2 Rfe8 11. Nf3 f6 12. Re1 Na5 13. b3 Ng6 14. h4 Rad8 15.
Bd2 b6 16. Qc2 Nb7 17. Re2 c5 18. Rae1 Nf8 19. Qd3 Bb8 20. f5 cxd4 21. fxe6
Nxe6 22. Nxd4 Nbc5 23. Qb5 Qxb5 24. Nxb5 Kf7 25. Be3 f5 26. Bxc5 bxc5 27. c4
dxc4 28. Bc6 Re7 29. bxc4 Rc8 30. Bd5 Rce8 31. Nc3 a6 32. f4 Ba7 33. Bc6 Rc8
34. Ba4 Bb6 35. Nd5 Ba5 36. Nxe7 Rb8 37. Rxe6 Bxe1 38. Rxe1 Rb2 39. Nxf5 1-0

[Event "BL 9293 Delmenhorst-Bielefeld"]
[Site "?"]
[Date "1993.??.??"]
[Round "?.5"]
[White "Meier, V."]
[Black "Schlemermeyer, W."]
[Result "0-1"]
[WhiteElo "2310"]
[BlackElo "2335"]
[PlyCount "126"]
[EventDate "1993.??.??"]

1. e4 c5 2. Nf3 Nc6 3. Bb5 e6 4. O-O Nge7 5. b3 a6 6. Bxc6 Nxc6 7. Bb2 b5 8.
Re1 Bb7 9. a4 b4 10. d4 cxd4 11. Nxd4 Qc7 12. Nd2 Ne5 13. Qh5 Ng6 14. Nc4 Bc5
15. Rad1 O-O-O 16. c3 d5 17. exd5 Rxd5 18. Qg4 h5 19. Qg3 Qxg3 20. hxg3 bxc3
21. Bxc3 Rhd8 22. Rc1 Bxd4 23. Bxd4 Rxd4 24. Ne5+ Kb8 25. Nxf7 Re8 26. Re3 Rd5
27. Rce1 e5 28. Ng5 Rc5 29. Ne4 Bxe4 30. Rxe4 Rd8 31. f4 Re8 32. Kh2 Kc7 33. f5
Nf8 34. g4 hxg4 35. Rxg4 Re7 36. Re3 Nd7 37. Reg3 e4 38. Rxg7 Rxg7 39. Rxg7
Rxf5 40. g4 Re5 41. Kg2 a5 42. Kf2 Kd6 43. Ke3 Nc5 44. Rg8 Nxb3 45. g5 Nc5 46.
g6 Ne6 47. g7 Rg5 48. Ra8 Rxg7 49. Rxa5 Nc5 50. Ra8 Kd5 51. a5 Rg3+ 52. Ke2 Ra3
53. Ra7 Kd4 54. Ra8 Ra2+ 55. Kf1 Nb3 56. a6 Nd2+ 57. Kg2 Nb3+ 58. Kg3 Kd3 59.
a7 Nd4 60. Kf4 Ra4 61. Kg3 Ke3 62. Kg4 Ra3 63. Kg3 Nc6 0-1

[Event "BL 9293 Delmenhorst-Bielefeld"]
[Site "?"]
[Date "1993.??.??"]
[Round "?.6"]
[White "Breutigam, M."]
[Black "Lingnau, C."]
[Result "1-0"]
[WhiteElo "2320"]
[BlackElo "2415"]
[PlyCount "69"]
[EventDate "1993.??.??"]

1. d4 Nf6 2. c4 g6 3. Nc3 d5 4. Nf3 Bg7 5. Bg5 dxc4 6. e4 c5 7. d5 b5 8. d6 Bb7
9. dxe7 Qxe7 10. e5 Nbd7 11. Qe2 Bxf3 12. exf6 Bxe2 13. fxg7 Qe5 14. gxh8=Q+
Qxh8 15. Bxe2 b4 16. Nd1 Qe5 17. Be3 Nb6 18. Rc1 Rc8 19. O-O Qe6 20. Re1 Kd7
21. b3 Qe5 22. bxc4 f5 23. g3 Re8 24. Rc2 Kc8 25. Nb2 Qe4 26. Rd2 Rd8 27. Rxd8+
Kxd8 28. Bxc5 Qc2 29. Bd4 Qd2 30. Kf1 Kc8 31. Rd1 Qh6 32. Kg1 Nd7 33. c5 Qf8
34. c6 Nb6 35. Be5 1-0

[Event "BL 9293 Delmenhorst-Bielefeld"]
[Site "?"]
[Date "1993.??.??"]
[Round "?.7"]
[White "Geveke, M."]
[Black "Derikum, A."]
[Result "1-0"]
[WhiteElo "2315"]
[BlackElo "2315"]
[PlyCount "71"]
[EventDate "1993.??.??"]

1. Nf3 Nf6 2. g3 g6 3. c4 c6 4. Bg2 Bg7 5. O-O O-O 6. d4 d5 7. cxd5 cxd5 8. Nc3
Ne4 9. Ne5 Nxc3 10. bxc3 Nc6 11. Nxc6 bxc6 12. e4 Be6 13. e5 Qa5 14. Bd2 Qa6
15. g4 f5 16. exf6 exf6 17. Bf4 Rfe8 18. h3 Bf7 19. Qb3 g5 20. Bg3 Bg6 21. Rfc1
Bd3 22. Bf1 Bxf1 23. Rxf1 Re7 24. Rae1 Rae8 25. Rxe7 Rxe7 26. Qb8+ Kf7 27. Bd6
Re8 28. Qc7+ Kg6 29. Qd7 Re4 30. Qf5+ Kf7 31. Rb1 Re6 32. Bc5 Qc8 33. Qxh7 Re2
34. Bd6 Qd7 35. Qh5+ Ke6 36. Bc5 1-0

[Event "BL 9293 Delmenhorst-Bielefeld"]
[Site "?"]
[Date "1993.??.??"]
[Round "?.8"]
[White "Meyer, Ho"]
[Black "Seger, R."]
[Result "1-0"]
[WhiteElo "2330"]
[BlackElo "2380"]
[PlyCount "125"]
[EventDate "1993.??.??"]

1. d4 Nf6 2. c4 g6 3. Nf3 Bg7 4. g3 c6 5. Bg2 O-O 6. Nc3 d5 7. cxd5 cxd5 8. Ne5
e6 9. O-O Nfd7 10. f4 Nc6 11. Be3 Nb6 12. Bf2 f6 13. Nd3 f5 14. Ne5 Bd7 15. Kh1
Qe7 16. Rc1 Rfc8 17. Rg1 Nxe5 18. dxe5 Qb4 19. Rc2 Bf8 20. h4 Bc5 21. a3 Qb3
22. Nxd5 Nxd5 23. Rxc5 Qxd1 24. Rxd1 Rxc5 25. Bxc5 Bc6 26. Rd2 b6 27. Bd6 Rc8
28. Rc2 Nb4 29. Rd2 Bxg2+ 30. Kxg2 Nd5 31. Kf3 Rc4 32. e3 Re4 33. Rd3 h5 34.
Ke2 Kf7 35. Kd2 Ke8 36. Bb8 Kd7 37. b3 Kc6 38. a4 a6 39. Bd6 a5 40. Ba3 b5 41.
axb5+ Kxb5 42. Bb2 Rb4 43. Kc2 Re4 44. Kd2 Rb4 45. Bc1 Re4 46. Ke2 Rb4 47. Bd2
Re4 48. Kd1 Kb6 49. Bc3 Kb5 50. Bd4 Kb4 51. Kc2 Kb5 52. Rc3 a4 53. bxa4+ Kxa4
54. Rc4+ Kb5 55. Rc5+ Kb4 56. Rc6 Nxe3+ 57. Kd3 Ng2 58. Rb6+ Ka5 59. Rxe6 Rxf4
60. Rxg6 Re4 61. Kc4 Ne3+ 62. Kc5 Ng4 63. e6 1-0

[Event "BL 9293 Bochum-Delmenhorst"]
[Site "?"]
[Date "1993.??.??"]
[Round "?.1"]
[White "Hausner, I."]
[Black "Glek, I."]
[Result "1/2-1/2"]
[WhiteElo "2480"]
[BlackElo "2545"]
[PlyCount "97"]
[EventDate "1993.??.??"]

1. Nf3 f5 2. g3 Nf6 3. Bg2 g6 4. O-O Bg7 5. c4 O-O 6. Nc3 d6 7. d3 Nc6 8. Rb1
Nh5 9. Bd2 a5 10. a3 f4 11. Nd5 e5 12. b4 axb4 13. axb4 Ne7 14. b5 Nxd5 15.
cxd5 b6 16. Qc2 Ra7 17. Bc3 Bd7 18. Qb3 Qe7 19. Nd2 Bg4 20. Rfe1 Qd7 21. Qc4
Bh3 22. Ra1 fxg3 23. fxg3 Rxa1 24. Rxa1 Bxg2 25. Kxg2 Nf6 26. Rf1 Ng4 27. Rxf8+
Kxf8 28. Nf1 h5 29. Be1 Bh6 30. e4 Nf6 31. h3 h4 32. g4 Nxg4 33. Bxh4 Ne3+ 34.
Nxe3 Bxe3 35. Qc6 Qf7 36. Qa8+ Kg7 37. Qc8 Bc5 38. Qd8 Qf4 39. Qg5 Qf7 40. Qe7
Kg8 41. Qd8+ Kg7 42. Qe7 Qxe7 43. Bxe7 Kf7 44. Bg5 Ke8 45. Kf3 Bd4 46. Kg4 Bf2
47. Bf6 Be3 48. Bh4 Bd2 49. Bg5 1/2-1/2

[Event "BL 9293 Bochum-Delmenhorst"]
[Site "?"]
[Date "1993.??.??"]
[Round "?.2"]
[White "Dokhoian, Y."]
[Black "Pekarek, A."]
[Result "1-0"]
[WhiteElo "2510"]
[BlackElo "2440"]
[PlyCount "57"]
[EventDate "1993.??.??"]

1. d4 Nf6 2. c4 c5 3. d5 e6 4. Nc3 exd5 5. cxd5 d6 6. e4 g6 7. Bd3 Bg7 8. h3
O-O 9. Nf3 a6 10. a4 Nbd7 11. O-O Re8 12. Re1 Qc7 13. Bc4 h6 14. Bf4 Nh5 15.
Bh2 Ne5 16. Nd2 Qd8 17. f4 Nxc4 18. Nxc4 Bd4+ 19. Kh1 f5 20. e5 dxe5 21. fxe5
f4 22. e6 b6 23. Qg4 Kh7 24. Bxf4 Bb7 25. Nd6 Bxc3 26. bxc3 Bxd5 27. Nxe8 Qxe8
28. Rad1 Qc6 29. c4 1-0

[Event "BL 9293 Bochum-Delmenhorst"]
[Site "?"]
[Date "1993.??.??"]
[Round "?.3"]
[White "Hermann, Man"]
[Black "Schulz, KJ."]
[Result "1/2-1/2"]
[WhiteElo "2400"]
[BlackElo "2415"]
[PlyCount "86"]
[EventDate "1993.??.??"]

1. d4 Nf6 2. Nf3 d6 3. e3 g6 4. Be2 Bg7 5. O-O Nbd7 6. b3 O-O 7. Bb2 e5 8. dxe5
Ng4 9. Nbd2 Ngxe5 10. Nxe5 Nxe5 11. Rb1 Re8 12. e4 Bd7 13. f4 Nc6 14. Bxg7 Kxg7
15. Bd3 Nb4 16. Nf3 Qf6 17. Qd2 Nxa2 18. Ra1 Nc3 19. e5 dxe5 20. Qxc3 exf4 21.
Qxf6+ Kxf6 22. Nd2 Bf5 23. Bxf5 Kxf5 24. Ra5+ Re5 25. Rxe5+ Kxe5 26. Nc4+ Ke4
27. Rd1 a5 28. Rd7 b5 29. Nd2+ Ke3 30. Kf1 f3 31. Rd3+ Kf4 32. Rxf3+ Ke5 33.
Rxf7 c5 34. Ke2 Kd4 35. Rf3 Re8+ 36. Kd1 Re3 37. Rxe3 Kxe3 38. Ke1 Kd4 39. Nb1
c4 40. Kd2 b4 41. bxc4 Kxc4 42. c3 bxc3+ 43. Nxc3 Kd4 1/2-1/2

[Event "BL 9293 Bochum-Delmenhorst"]
[Site "?"]
[Date "1993.??.??"]
[Round "?.4"]
[White "Backwinkel, P."]
[Black "Borik, O."]
[Result "0-1"]
[WhiteElo "2405"]
[BlackElo "2390"]
[PlyCount "66"]
[EventDate "1993.??.??"]

1. d4 Nf6 2. Nf3 g6 3. Bg5 Bg7 4. Nbd2 O-O 5. e4 c5 6. dxc5 Qa5 7. c3 Qxc5 8.
Nb3 Qb6 9. e5 Ng4 10. Qd4 Nxe5 11. Nxe5 Qxd4 12. cxd4 f6 13. Bh4 g5 14. Bc4+ e6
15. Nxd7 Bxd7 16. Bg3 b5 17. Be2 f5 18. Bd6 Rc8 19. O-O Bc6 20. Rac1 Na6 21.
Na5 Bd7 22. a4 Bxd4 23. axb5 Bb6 24. Nc4 Nc5 25. Ne5 Ne4 26. Rcd1 Be8 27. Bc4
Kg7 28. Bxe6 Rc2 29. Bxf5 Nxf2 30. Bxc2 Nxd1+ 31. Kh1 Nf2+ 32. Kg1 Ne4+ 33. Kh1
Nxd6 0-1

[Event "BL 9293 Bochum-Delmenhorst"]
[Site "?"]
[Date "1993.??.??"]
[Round "?.6"]
[White "Von Gleich, A."]
[Black "Breutigam, M."]
[Result "1/2-1/2"]
[WhiteElo "2335"]
[BlackElo "2320"]
[PlyCount "82"]
[EventDate "1993.??.??"]

1. Nf3 d5 2. c4 e6 3. g3 Nf6 4. Bg2 Be7 5. O-O O-O 6. d4 c5 7. cxd5 exd5 8. Nc3
Nc6 9. Bg5 cxd4 10. Nxd4 h6 11. Bf4 Bg4 12. h3 Bd7 13. Ndb5 Be6 14. Nc7 g5 15.
Nxe6 fxe6 16. Bd2 Ne5 17. Kh1 Nc4 18. Bc1 Rc8 19. b3 Nd6 20. Bb2 Qe8 21. Qd3 b5
22. f4 b4 23. Nd1 Nfe4 24. Nf2 Qg6 25. Nxe4 Nxe4 26. Bxe4 Qxe4+ 27. Qxe4 dxe4
28. Rac1 Rxc1 29. Rxc1 gxf4 30. gxf4 Rxf4 31. Bd4 a5 32. Kg2 Rf5 33. Rc8+ Kf7
34. Rc7 Rd5 35. Be3 h5 36. Ra7 Kf6 37. h4 Bd6 38. Rh7 Rf5 39. Bg5+ Ke5 40. Rxh5
e3 41. Kh3 Bc5 1/2-1/2

[Event "BL 9293 Bochum-Delmenhorst"]
[Site "?"]
[Date "1993.??.??"]
[Round "?.7"]
[White "Derikum, A."]
[Black "Luecke, N."]
[Result "0-1"]
[WhiteElo "2315"]
[BlackElo "2410"]
[PlyCount "52"]
[EventDate "1993.??.??"]

1. c4 Nf6 2. g3 e5 3. Bg2 d5 4. cxd5 Nxd5 5. Nc3 Nb6 6. Nf3 Nc6 7. O-O Be7 8.
Rb1 O-O 9. d3 Be6 10. Bd2 f6 11. a3 Qd7 12. Re1 Nd4 13. b4 c5 14. Ne4 cxb4 15.
Bxb4 Rac8 16. Nxd4 exd4 17. Qd2 Nd5 18. Rec1 b6 19. Ra1 Rfe8 20. Bf3 Rxc1+ 21.
Rxc1 Nxb4 22. axb4 Rc8 23. Rxc8+ Qxc8 24. Qb2 f5 25. Qxd4 fxe4 26. Bxe4 Bh3 0-1

[Event "BL 9293 Bochum-Delmenhorst"]
[Site "?"]
[Date "1993.??.??"]
[Round "?.8"]
[White "Fette, M."]
[Black "Wesseln, K."]
[Result "0-1"]
[WhiteElo "2385"]
[BlackElo "2340"]
[PlyCount "48"]
[EventDate "1993.??.??"]

1. e4 d5 2. exd5 Nf6 3. c4 e6 4. dxe6 Bxe6 5. d4 Bb4+ 6. Bd2 Qe7 7. Bxb4 Qxb4+
8. Nd2 Nc6 9. Ngf3 O-O-O 10. d5 Rhe8 11. Be2 Nxd5 12. cxd5 Bxd5 13. a3 Qe7 14.
Kf1 Rd6 15. Bd3 Qd7 16. Bxh7 g6 17. Qc2 Bxf3 18. Nxf3 Nd4 19. Nxd4 Rxd4 20. h4
Rd2 21. Qb3 Qd4 22. Qh3+ Kb8 23. Kg1 Rxf2 24. Kh2 Re3 0-1

[Event "BL 9293 Bielefeld-HSK"]
[Site "?"]
[Date "1993.??.??"]
[Round "?.1"]
[White "Wahls, M."]
[Black "Richter, W."]
[Result "0-1"]
[WhiteElo "2525"]
[BlackElo "2430"]
[PlyCount "108"]
[EventDate "1993.??.??"]

1. e4 e6 2. d4 d5 3. Nd2 dxe4 4. Nxe4 Bd7 5. Nf3 Bc6 6. Bd3 Nd7 7. Qe2 Ngf6 8.
Neg5 Bxf3 9. Nxf3 Be7 10. Bg5 c6 11. O-O-O Nd5 12. h4 b5 13. Kb1 h6 14. Bxe7
Qxe7 15. Be4 Qd6 16. Bxd5 cxd5 17. Ne5 Nxe5 18. dxe5 Qb4 19. c3 Qc4 20. Qe3 Qc7
21. Rd4 O-O 22. g4 Rac8 23. f4 Qe7 24. Qe2 Rc4 25. Rxc4 bxc4 26. g5 Kh7 27. Rg1
Rh8 28. h5 g6 29. gxh6 Rg8 30. Qe3 Qb7 31. Qg3 Qb8 32. Qh4 Qd8 33. hxg6+ fxg6
34. Qg5 a5 35. a4 Qf8 36. Kc1 Qf7 37. Rg2 Rf8 38. Rf2 Rb8 39. f5 gxf5 40. Qe3
Rg8 41. Rf1 Qc7 42. Rf3 Rg4 43. Qf2 Qxe5 44. Qa7+ Kh8 45. Re3 Rg1+ 46. Kd2 Rg2+
47. Kc1 Rg1+ 48. Kd2 Qh2+ 49. Re2 Qxh6+ 50. Re3 Qh2+ 51. Re2 Qh6+ 52. Re3 Qh2+
53. Re2 Qf4+ 54. Re3 Qf2+ 0-1

[Event "BL 9293 Bielefeld-HSK"]
[Site "?"]
[Date "1993.??.??"]
[Round "?.2"]
[White "Piskov, Y."]
[Black "Ftacnik, L."]
[Result "1-0"]
[WhiteElo "2520"]
[BlackElo "2535"]
[PlyCount "71"]
[EventDate "1993.??.??"]

1. d4 Nf6 2. Nf3 g6 3. g3 d5 4. Bg2 Bg7 5. O-O O-O 6. Nbd2 c6 7. c4 Bf5 8. b3
Nbd7 9. Bb2 a5 10. h3 Ne4 11. g4 Nxd2 12. Nxd2 Be6 13. e4 dxc4 14. Nxc4 Bxc4
15. bxc4 c5 16. Rb1 cxd4 17. Bxd4 e5 18. Be3 Qc7 19. Qd5 b6 20. Rfd1 Rfd8 21.
Qb5 Bf8 22. Rd5 Be7 23. g5 Rab8 24. h4 Bf8 25. Bh3 Nc5 26. f3 Be7 27. Kg2 Nd3
28. Rd1 Nf4+ 29. Bxf4 exf4 30. Bd7 Bc5 31. e5 Bf8 32. e6 fxe6 33. Bxe6+ Kh8 34.
Rd7 Rxd7 35. Rxd7 Qc5 36. Qb2+ 1-0

[Event "BL 9293 Bielefeld-HSK"]
[Site "?"]
[Date "1993.??.??"]
[Round "?.3"]
[White "Brunner, L."]
[Black "Bangiev, A."]
[Result "1-0"]
[WhiteElo "2455"]
[BlackElo "2395"]
[PlyCount "53"]
[EventDate "1993.??.??"]

1. e4 c5 2. Nf3 d6 3. d4 cxd4 4. Nxd4 Nf6 5. Nc3 a6 6. Be3 e5 7. Nb3 Be7 8. f4
Qc7 9. Qd2 b5 10. O-O-O Bb7 11. Nd5 Nxd5 12. exd5 Nd7 13. Na5 O-O 14. Nxb7 Qxb7
15. f5 Rfc8 16. g4 b4 17. Kb1 Nc5 18. g5 Na4 19. Ka1 Qc7 20. f6 Bd8 21. Bd3 Qa5
22. fxg7 Rab8 23. Qg2 Kxg7 24. Qh3 Kf8 25. Rhf1 f6 26. gxf6 Nc3 27. Bh6+ 1-0

[Event "BL 9293 Bielefeld-HSK"]
[Site "?"]
[Date "1993.??.??"]
[Round "?.4"]
[White "Panzer, P."]
[Black "Mueller, Ka"]
[Result "1/2-1/2"]
[WhiteElo "2330"]
[BlackElo "2490"]
[PlyCount "29"]
[EventDate "1993.??.??"]

1. d4 d5 2. Nf3 e6 3. c4 dxc4 4. Qa4+ Nd7 5. Bg5 Be7 6. Bxe7 Nxe7 7. Qxc4 O-O
8. e3 b6 9. Be2 Bb7 10. O-O c5 11. dxc5 Nxc5 12. Rd1 Bd5 13. Qh4 Nf5 14. Qxd8
Rfxd8 15. Nc3 1/2-1/2

[Event "BL 9293 Bielefeld-HSK"]
[Site "?"]
[Date "1993.??.??"]
[Round "?.5"]
[White "Maus, So"]
[Black "Pohl Kuemmel, JU."]
[Result "1-0"]
[WhiteElo "2420"]
[BlackElo "2320"]
[PlyCount "81"]
[EventDate "1993.??.??"]

1. e4 d6 2. d4 Nf6 3. Nc3 g6 4. f4 Bg7 5. Nf3 O-O 6. Be3 b6 7. e5 Ng4 8. Bg1 c5
9. d5 dxe5 10. h3 Nh6 11. Nxe5 Bb7 12. Qf3 Nf5 13. O-O-O Qc8 14. g4 Nd6 15. h4
h6 16. Bh2 Qe8 17. h5 b5 18. Rg1 b4 19. Ne4 Nxe4 20. Qxe4 e6 21. hxg6 exd5 22.
gxf7+ Rxf7 23. Qg6 Re7 24. Qf5 c4 25. Bg2 Nd7 26. Rxd5 Nxe5 27. fxe5 Rf7 28.
Qh5 Qa4 29. Kb1 Rf2 30. Be4 Raf8 31. Qg6 Rf1+ 32. Rd1 Rxd1+ 33. Rxd1 Bxe4 34.
Qxe4 Qb5 35. Bf4 a5 36. e6 b3 37. axb3 cxb3 38. Bc1 bxc2+ 39. Qxc2 Re8 40. Qg6
Qc6 41. Rd7 1-0

[Event "BL 9293 Bielefeld-HSK"]
[Site "?"]
[Date "1993.??.??"]
[Round "?.7"]
[White "Wegner, H."]
[Black "Lingnau, C."]
[Result "1/2-1/2"]
[WhiteElo "2370"]
[BlackElo "2415"]
[PlyCount "29"]
[EventDate "1993.??.??"]

1. d4 Nf6 2. c4 g6 3. Nc3 d5 4. Nf3 Bg7 5. Qb3 dxc4 6. Qxc4 O-O 7. e4 a6 8. Qb3
b5 9. e5 Ng4 10. h3 Nh6 11. Bf4 c5 12. Qd5 cxd4 13. Nxd4 Ra7 14. Qxd8 Rxd8 15.
Be3 1/2-1/2

[Event "BL 9293 Bielefeld-HSK"]
[Site "?"]
[Date "1993.??.??"]
[Round "?.8"]
[White "Beilfuss, W."]
[Black "Sievers, S."]
[Result "1/2-1/2"]
[WhiteElo "2235"]
[BlackElo "2340"]
[PlyCount "90"]
[EventDate "1993.??.??"]

1. Nf3 c5 2. c4 Nc6 3. Nc3 g6 4. e3 Bg7 5. d4 cxd4 6. exd4 d6 7. d5 Ne5 8. Nxe5
dxe5 9. Be2 Nh6 10. O-O Nf5 11. b3 O-O 12. Bb2 Nd4 13. Re1 e6 14. Bf3 f5 15. g3
e4 16. Bg2 b5 17. Nxb5 Nxb5 18. Bxg7 Kxg7 19. cxb5 exd5 20. Qd4+ Kf7 21. Rac1
Be6 22. Rc6 Qf6 23. Qc5 Rfd8 24. Rc7+ Kg8 25. Rxa7 Rxa7 26. Qxa7 d4 27. b6 d3
28. Qc7 Rd7 29. Qc8+ Rd8 30. Qc7 Bd5 31. Bf1 Qd6 32. Rc1 Rd7 33. Qc8+ Kg7 34.
Rc7 Rxc7 35. bxc7 d2 36. Be2 e3 37. fxe3 Qe7 38. Kf2 f4 39. exf4 Qc5+ 40. Kf1
Qc1+ 41. Kf2 Qe1+ 42. Ke3 d1=Q 43. Qd7+ Kh6 44. Qh3+ Kg7 45. Qd7+ Kh6 1/2-1/2

[Event "BL 9293 Bochum-Stadthagen"]
[Site "?"]
[Date "1993.??.??"]
[Round "?.1"]
[White "Sax, G."]
[Black "Glek, I."]
[Result "1-0"]
[WhiteElo "2570"]
[BlackElo "2545"]
[PlyCount "75"]
[EventDate "1993.??.??"]

1. e4 e6 2. d4 d5 3. Nc3 Nf6 4. e5 Nfd7 5. Nce2 c5 6. c3 cxd4 7. cxd4 f6 8. Nf4
Bb4+ 9. Bd2 Bxd2+ 10. Qxd2 Qe7 11. exf6 Nxf6 12. Bd3 Nc6 13. Nge2 O-O 14. O-O
Bd7 15. a3 Qd6 16. Rad1 Rf7 17. Bb1 Re8 18. f3 Rfe7 19. Nd3 e5 20. dxe5 Nxe5
21. Nxe5 Rxe5 22. Nd4 Qb6 23. Qb4 Qxb4 24. axb4 Rc8 25. Ba2 Kf8 26. Rc1 Rxc1
27. Rxc1 Ke7 28. Rc7 Re1+ 29. Kf2 Ra1 30. Bb3 Kd8 31. Rc2 Ra6 32. g4 h6 33. h4
g5 34. hxg5 hxg5 35. Re2 Rb6 36. Nc2 a5 37. Re5 axb4 38. Rxg5 1-0

[Event "BL 9293 Bochum-Stadthagen"]
[Site "?"]
[Date "1993.??.??"]
[Round "?.2"]
[White "Dokhoian, Y."]
[Black "Khalifman, A."]
[Result "1/2-1/2"]
[WhiteElo "2510"]
[BlackElo "2630"]
[PlyCount "32"]
[EventDate "1993.??.??"]

1. d4 Nf6 2. c4 e6 3. Nf3 b6 4. g3 Ba6 5. b3 Bb4+ 6. Bd2 Be7 7. Bg2 c6 8. Bc3
d5 9. Ne5 Nfd7 10. Nxd7 Nxd7 11. Nd2 O-O 12. O-O Rc8 13. Re1 f5 14. Rc1 Nf6 15.
Rc2 Bd6 16. e3 Ne4 1/2-1/2

[Event "BL 9293 Bochum-Stadthagen"]
[Site "?"]
[Date "1993.??.??"]
[Round "?.4"]
[White "Backwinkel, P."]
[Black "Tischbierek, R."]
[Result "0-1"]
[WhiteElo "2405"]
[BlackElo "2490"]
[PlyCount "104"]
[EventDate "1993.??.??"]

1. d4 d6 2. Nf3 Bg4 3. c3 Nd7 4. e4 Ngf6 5. Bd3 e5 6. O-O Be7 7. Nbd2 O-O 8.
Re1 c6 9. h3 Bh5 10. Nf1 exd4 11. cxd4 d5 12. e5 Ne4 13. Bxe4 dxe4 14. Rxe4 Nc5
15. Re3 Ne6 16. N1h2 Bc5 17. Rd3 Bg6 18. Rd2 Bb6 19. b3 Qd5 20. Ba3 Rfd8 21.
Bd6 Nf4 22. Rc1 Rd7 23. Qf1 Be4 24. Rc3 Re8 25. Re3 h6 26. Qc4 Re6 27. Qxd5
Bxd5 28. h4 Re8 29. g3 Ne6 30. b4 f5 31. Bc5 Bc7 32. Ra3 a6 33. h5 Be4 34. Re2
Red8 35. Re1 Rd5 36. Rae3 b6 37. Be7 R8d7 38. Bh4 b5 39. a3 Bb6 40. Rc1 Bxd4
41. Nxd4 Rxd4 42. Ree1 Rd3 43. f3 Bd5 44. Kf2 Rxa3 45. Ra1 Ra4 46. Nf1 Rxb4 47.
Rxa6 Rb2+ 48. Re2 Rxe2+ 49. Kxe2 Nd4+ 50. Kf2 Kf7 51. f4 b4 52. Ne3 Be6 0-1